TOP 100 ról męskich FILMWEB - Statystyki

Ogólne statystyki
  • Ten quiz został rozwiązany 96 razy
    18 od ostatniego zresetowania
  • Średni wynik to 70 z 100
Statystyki odpowiedzi
Miejsce/Film Oskar AKTOR % Poprawnych
1. Joker Tak Joaquin Phoenix
100%
4. Milczenie Owiec Tak Anthony Hopkins
94%
23. Podziemny krąg Nie Brad Pitt
94%
8. Piraci z Karaibów Nominacja Johnny Depp
94%
47. Edward Nożycoręki Nie Johnny Depp
94%
7. Co gryzie Gilberta Grape`a Nominacja Leonardo DiCaprio
94%
18. Wilk z Wall Street Nominacja Leonardo DiCaprio
94%
6. Ojciec Chrzestny Tak Marlon Brando
94%
3. Forrest Gump Tak Tom Hanks
94%
52. Pianista Tak Adrien Brody
88%
17. Oppenheimer Tak Cillian Murphy
88%
16. Gran Torino Nie Clint Eastwood
88%
22. Podziemny Krąg Nie Edward Norton
88%
9. Lot nad Kukułczym Gniazdem Tak Jack Nicholson
88%
15. Lśnienie Nie Jack Nicholson
88%
44. Wyspa Tajemnic Nie Leonardo DiCaprio
88%
19. Skazani na Shawshank Nominacja Morgan Freeman
88%
21. Człowiek z blizną Nie Al Pacino
82%
66. Pewnego razu w Hollywood Tak Brad Pitt
82%
29. American Psycho Nie Christian Bale
82%
2. Mroczny Rycerz Tak Heath Ledger
82%
69. Pulp Fiction Nominacja John Travolta
82%
95. Złap mnie, jeśli potrafisz Nie Leonardo DiCaprio
82%
63. Bohemian Rhapsody Tak Rami Malek
82%
32. Taksówkarz Nominacja Robert De Niro
82%
33. Gladiator Tak Russel Crowe
82%
56. Zielona mila Nie Tom Hanks
82%
10. Zapach Kobiety Tak Al Pacino
76%
31. Ojciec Chrzestny 2 Nominacja Al Pacino
76%
53. Adwokat diabła Nie Al Pacino
76%
11. Ojciec Tak Anthony Hopkins
76%
100. Bękarty wojny Nie Brad Pitt
76%
5. Bękarty Wojny Tak Christoph Waltz
76%
97. Dobry, zły i brzydki Nie Clint Eastwood
76%
45. Więzień nienawiści Nominacja Edward Norton
76%
36. Leon zawodowiec Nie Jean Reno
76%
37. Chłopcy z ferajny Tak Joe Pesci
76%
51. American Beauty Tak Kevin Spacey
76%
96. Zjawa Tak Leonardo DiCaprio
76%
98. Siedem Nie Morgan Freeman
76%
39. Piękny umysł Nominacja Russel Crowe
76%
49. Deadpool Nie Ryan Reynolds
76%
27. Pulp Fiction Nominacja Samuel L. Jackson
76%
55. Harry Potter Nie Alan Rickman
71%
78. Manchester by the Sea Tak Casey Affleck
71%
26. Leon zawodowiec Nie Gary Oldman
71%
25. To nie jest kraj dla starych ludzi Tak Javier Bardem
71%
89. Truman Show Nie Jim Carrey
71%
38. Django Nie Leonardo DiCaprio
71%
88. Braveheart Nie Mel Gibson
71%
40. Avengers: Koniec gry Nie Robert Downey Jr
71%
99. Sherlock Holmes Nie Robert Downey Jr
71%
59. Buntownik z wyboru Tak Robin Williams
71%
68. Stowarzyszenie Umarłych Poetów Nominacja Robin Williams
71%
71. Tamte dni, tamte noce Nominacja Timothee Chalamet
71%
85. Cast Away Nominacja Tom Hanks
71%
67. Wieloryb Tak Brendan Fraser
65%
62. Mechanik Nie Christian Bale
65%
24. Django Tak Christoph Waltz
65%
79. Jak zostać królem Tak Colin Firth
65%
46. Rain Man Tak Dustin Hoffman
65%
14. Lęk pierwotny Nominacja Edward Norton
65%
64.Logan Nie Hugh Jackman
65%
13. Whiplash Tak J.K. Simmons
65%
83. Gladiator Nominacja Joaquin Phoenix
65%
77. Siedem Nie Kevin Spacey
65%
93. Lista Schindlera Nominacja Liam Neeson
65%
91. Chłopcy z ferajny Nie Robert De Niro
65%
94. Gorączka Nie Robert De Niro
65%
43. Bronson Nie Tom Hardy
65%
48. Lighthouse Nie Willem Dafoe
65%
90. Gorączka Nie Al Pacino
59%
28. Aż poleje się krew Tak Daniel Day Lewis
59%
20. Teoria wszystkiego Tak Eddie Redmayne
59%
84. Czas mroku Tak Gary Oldman
59%
87. 12 gniewnych ludzi Nie Henry Fonda
59%
60. Władca pierścieni Nominacja Ian McKellen
59%
12. Split Nie James McAvoy
59%
50. Witaj w klubie Tak Matthew McConaughey
59%
61. Nietykalni Nie Omar Sy
59%
58. Lista Schindlera Nominacja Ralph Fiennes
59%
73. Ojciec Chrzestny 2 Tak Robert De Niro
59%
82. Lighthouse Nie Robert Pattinson
59%
92. Nienawistna ósemka Nie Samuel L. Jackson
59%
41. Green Book Nominacja Viggo Mortensen
59%
72. Witaj w klubie Tak Jared Leto
53%
42. Zielona mila Nominacja Michael Clarke Duncan
53%
74. Grand Budapest Hotel Nie Ralph Fiennes
53%
30. Przebudzenia Nominacja Robert De Niro
53%
70. Życie jest piękne Tak Roberto Benigni
53%
34. Skazani na Shawshank Nie Tim Robbins
53%
76. Le Mans 66 Nie Christian Bale
47%
35. Wolny Strzelec Nie Jake Gyllenhaal
47%
86. Władca pierścieni Nie Viggo Mortensen
47%
80. Władca pierścieni Nie Andy Serkis
41%
54. Do utraty sił Nie Jake Gyllenhaal
41%
81. Trzy billboardy za Ebbing, Missouri Tak Sam Rockwell
41%
75. Mechaniczna pomarańcza Nie Malcolm McDowell
35%
57. Legend Nie Tom Hardy
29%
65. Pokój Nie Jacob Tremblay
24%
Nie znaleziono quizów pasujących do podanych kryteriów
Rozkład punktacji
Procent ludzi z każdym wynikiem
Percentyl według liczby udzielonych odpowiedzi
Twoja historia wyników
Nie rozwiązałeś tego quizu od ostatniego zresetowania